[Event "Plovdiv Radulski Memorial 3rd"]
[Site "Plovdiv"]
[Date "2017.10.29"]
[Round "9"]
[White "Danov, Lyubomir"]
[Black "Dimitrov, Petko"]
[Result "1-0"]
[WhiteElo "2390"]
[BlackElo "2139"]
[PlyCount "81"]
[EventDate "2017.10.29"]
[EventType "swiss (rapid)"]
[EventRounds "9"]
[EventCountry "BUL"]
[SourceTitle "CBM 181 Extra"]
[Source "ChessBase"]
[SourceDate "2017.12.12"]
[SourceVersion "1"]
[SourceVersionDate "2017.12.12"]
[SourceQuality "1"]

1. e4 e5 2. Nf3 Nc6 3. Bb5 a6 4. Ba4 d6 5. 0-0 Nf6 6. Re1 Bg4 7. c3 Be7 8. d3 0-0 9. Nbd2 Re8 10. Nf1 d5 11. Bxc6 bxc6 12. h3 dxe4 13. hxg4 exf3 14. Qxf3 Qd5 15. Qxd5 cxd5 16. Rxe5 Bd6 17. Rxe8+ Rxe8 18. f3 Re2 19. Bd2 d4 20. Re1 Rxe1 21. Bxe1 Nd5 22. Bd2 Bf4 23. c4 Bxd2 24. cxd5 Bc1 25. b3 Kf8 26. Ng3 g6 27. Ne4 f5 28. gxf5 gxf5 29. Ng3 Ke7 30. Nxf5+ Kf6 31. d6 cxd6 32. Nxd6 Ke5 33. Ne4 h5 34. g3 h4 35. gxh4 Kf4 36. Kf2 Be3+ 37. Ke2 Kf5 38. b4 Bc1 39. a4 Ke5 40. h5 Kd5 41. Nd2 1-0

[Event "Plovdiv Radulski Memorial 3rd"]
[Site "Plovdiv"]
[Date "2017.10.29"]
[Round "3"]
[White "Mehmed, Elif"]
[Black "Dimitrov, Petko"]
[Result "1-0"]
[WhiteElo "1719"]
[BlackElo "2139"]
[PlyCount "97"]
[EventDate "2017.10.29"]
[EventType "swiss (rapid)"]
[EventRounds "9"]
[EventCountry "BUL"]
[SourceTitle "CBM 181 Extra"]
[Source "ChessBase"]
[SourceDate "2017.12.12"]
[SourceVersion "1"]
[SourceVersionDate "2017.12.12"]
[SourceQuality "1"]

1. e4 e5 2. Nf3 Nc6 3. Bc4 d6 4. d3 Bg4 5. c3 Qd7 6. a4 Nf6 7. 0-0 Be7 8. Re1 0-0 9. Nbd2 Rfe8 10. Nf1 Bh5 11. Ng3 Bg6 12. a5 a6 13. Bd2 Bf8 14. b4 d5 15. exd5 Nxd5 16. Qb3 Nf6 17. Bg5 Bxd3 18. Bxd3 Qxd3 19. Bxf6 gxf6 20. Rad1 Qg6 21. Nh4 Qg5 22. Nhf5 Rad8 23. h4 Qg4 24. f3 Qg6 25. Kh2 Ne7 26. Qb1 Nd5 27. Qc2 Nf4 28. Rxd8 Rxd8 29. Rd1 Rxd1 30. Qxd1 Bd6 31. Nxd6 cxd6 32. c4 Qd3 33. Qxd3 Nxd3 34. Nf5 Nxb4 35. Nxd6 f5 36. Nxb7 e4 37. fxe4 fxe4 38. Kg3 Nd3 39. c5 Ne5 40. Kf4 Nc6 41. Kxe4 Kf8 42. Kd5 Nb4+ 43. Kd6 f5 44. c6 Nxc6 45. Kxc6 Ke7 46. Nc5 Kf6 47. Kd5 f4 48. Ke4 Ke7 49. Kxf4 1-0

[Event "BUL-chT"]
[Site "Varna"]
[Date "1995.??.??"]
[Round "3"]
[White "Dimitrov, Petko"]
[Black "Panaiotov, Janko"]
[Result "0-1"]
[WhiteElo "2270"]
[BlackElo "2285"]
[PlyCount "76"]
[EventDate "1995.??.??"]
[EventType "team"]
[EventRounds "7"]
[EventCountry "BUL"]
[SourceTitle "EXT 2002"]
[Source "ChessBase"]
[SourceDate "2001.11.25"]
[SourceVersion "1"]
[SourceVersionDate "2001.11.25"]
[SourceQuality "1"]

1. Nf3 Nf6 2. c4 c5 3. g3 b6 4. Bg2 Bb7 5. 0-0 d6 6. b3 Nbd7 7. Bb2 e6 8. Nc3 a6 9. d4 cxd4 10. Qxd4 Be7 11. Rfe1 0-0 12. Rad1 Qc7 13. e4 Rac8 14. h3 Rfd8 15. Qe3 Ba8 16. Rd2 Qb8 17. Nd4 Re8 18. Kh2 Bf8 19. f4 e5 20. Nf5 b5 21. cxb5 axb5 22. Red1 b4 23. Na4 Bxe4 24. Bxe4 exf4 25. Qxf4 Rxe4 26. Qg5 Kh8 27. Nh6 Re7 28. Nf5 Re6 29. Rf1 Ne5 30. Qf4 Rce8 31. Nd4 Ng6 32. Qf3 Re3 33. Qc6 Ne4 34. Rg2 d5 35. Nf5 Nxg3 36. Rxg3 Rxg3 37. Nxg3 Re2+ 38. Kh1 Qxg3 0-1

[Event "BUL-chT"]
[Site "Varna"]
[Date "1995.??.??"]
[Round "5"]
[White "Kerchev, Zlatozar"]
[Black "Dimitrov, Petko"]
[Result "1-0"]
[WhiteElo "2265"]
[BlackElo "2270"]
[PlyCount "71"]
[EventDate "1995.??.??"]
[EventType "team"]
[EventRounds "7"]
[EventCountry "BUL"]
[SourceTitle "EXT 2002"]
[Source "ChessBase"]
[SourceDate "2001.11.25"]
[SourceVersion "1"]
[SourceVersionDate "2001.11.25"]
[SourceQuality "1"]

1. d4 c5 2. d5 f5 3. g3 e5 4. dxe6 d5 5. Bg2 Nf6 6. Nh3 Nc6 7. Nf4 d4 8. e3 g5 9. Ne2 Bxe6 10. 0-0 Bd5 11. f3 Bc4 12. Na3 Ba6 13. Re1 d3 14. cxd3 Qxd3 15. Qa4 0-0-0 16. Nc3 Qd7 17. e4 Qd4+ 18. Be3 Qxa4 19. Nxa4 fxe4 20. fxe4 Nd4 21. Bxg5 Be7 22. e5 Nd5 23. Bxe7 Nxe7 24. Nxc5 Be2 25. Bxb7+ Kb8 26. Be4 Nd5 27. Rxe2 Nxe2+ 28. Kf2 Nd4 29. Na6+ Kb7 30. Nb4 Rhf8+ 31. Kg2 Nf5 32. Nxd5 Kb8 33. Nc4 h5 34. Rc1 Rc8 35. Rc3 h4 36. Rb3+ 1-0